000 00517nam a2200193Ia 4500
003 OSt
005 20250602102750.0
008 210210b1984 xxu||||| |||| 00| 0 eng d
040 _cAL
041 _aKannada
082 _aK894.3 MANS
100 _aMANJULA MOHAN
_dಮಂಜುಳಾ ​​ಮೋಹನ್
_9212157
245 _aSartakate
_b ಸಾರ್ಥಕತೆ
260 _aBengaluru
_bSaurabha Prakashana
_c1984
300 _a147
690 _aKannada Fiction
_9212158
906 _a037051
942 _2ddc
_cBK
999 _c87462
_d87462